000 02008nam0a2200337 4500
001 RU\NLR\BIBL_A\011952033
005 20190513094926.0
010 _a978-5-904704-69-8
_9100
021 _aRU
_bКН-П-19-006226
_9КН-П-19-0461
035 _a(NLR Aleph) 011952033
035 _a(RuMoRGB)009886183
090 _a11154229
_c11154229
100 _a20190305d2018 k y0rusy50 ca
101 0 _aeng
102 _aRU
105 _aab z 100zy
200 1 _aLateglacial-interglacial transition: glaciotectonic, seismoactivity, catastrophic hydrographic and landscape changes
_eINQUA Peribaltic working group meeting and excursion 2018, 19-25 August 2018
_eInternational scientific conference and school for young scientists
_eexcursion guide and abstracts
_fedited by Subetto D. A. [et al.]
210 _aPetrozavodsk
_cKarelian research centre of Russian academy of science
_d2018
215 _a133 с.
_cил., цв. ил., карт.
_d30
320 _aБиблиогр. в конце ст.
541 1 _aПозднеледниковый - межледниковый переход: гляциотектоника, сейсмоактивность, катастрофические гидрографические и ландшафтные изменения
606 1 _aЧетвертичный период
_jСъезды, совещания и т.п
_2nlr_sh1
_2nlr_sh2
_3RU\NLR\AUTH\6656348
686 1 _aД432.72я431(0)
702 1 _aSubetto
_bD. A.
_gDmitrij Aleksandrovič
_3RU\NLR\AUTH\7787271
_4340
711 0 2 _aInternational association for the study of the quaternary period in Europe
_bPeribaltic working group
_bMeeting
_f2018
_ePetrozavodsk
_3RU\NLR\AUTH\880499933
711 0 2 _aInternational association for the study of the quaternary period in Europe
_bPeribaltic working group
_bExcursion
_f2018
_3RU\NLR\AUTH\880499938
942 _cBOOK
980 _aNB